An Introduction to Geophysical Exploration (Record no. 36648)
[ view plain ]
| 000 -LEADER | |
|---|---|
| fixed length control field | 00256 a2200109 4500 |
| 005 - DATE AND TIME OF LATEST TRANSACTION | |
| control field | 20251229155458.0 |
| 020 ## - INTERNATIONAL STANDARD BOOK NUMBER | |
| International Standard Book Number | 9780632049295 |
| 100 ## - MAIN ENTRY--PERSONAL NAME | |
| Personal name | Kearey, Philip |
| 245 ## - TITLE STATEMENT | |
| Title | An Introduction to Geophysical Exploration |
| 260 ## - PUBLICATION, DISTRIBUTION, ETC. (IMPRINT) | |
| Name of publisher, distributor, etc. | Wiley Blackwell |
| 942 ## - ADDED ENTRY ELEMENTS (KOHA) | |
| Koha item type | Book |
No items available.